000 00353 a2200121 4500
001 ART_7650
005 20260410161637.0
008 260409a
245 1 0 _aAcciones y cuotas y participaciones sociales
100 1 _aLorenzo, Armando
700 1 _aCavalli, César M.
773 0 _tConsultor tributario
_g- Nº 7 (sep. 2007)
_wREV474
999 _c13011
_d13011